Statistics for 2023-24 Serie A Football Clubs

Click here to take the quiz!

General Stats

  • This quiz has been taken 47 times
  • The average score is 15 of 20

Answer Stats

Football Clubs% Correct
AC Milan
100%
Inter Milan
97%
Juventus
97%
Napoli
92%
Bologna
89%
Roma
89%
Atalanta
84%
Lazio
84%
Genoa
78%
Fiorentina
76%
Udinese
76%
Cagliari
65%
Lecce
65%
Torino
65%
Salernitana
59%
Sassuolo
59%
Empoli
57%
Frosinone
57%
Monza
51%
Hellas Verona
49%

Score Distribution

Percentile by Number Answered

Percent of People with Each Score

Your Score History

You have not taken this quiz